00262nam a2200109Ia 4500008004100000100001800041245001400059260000900073300002800082440002400110650001800134180117s9999 xx 000 0 und d aby Zac Sarian aAgri-Talk c2017 a26 pages, 2017 April 16 aPhilippine Panorama aCOCONUT FARMS